000 00823cam a2200193 4500
001 x114835
008 010926n2001 000 0 eng u
035 _a(Sirsi) u114835
245 _aR on the application of Torridge DC and SoS Environment and Great Torrington Town Lands and Poor Charity
260 _c2001
490 _aJournal of Planning and Environment Law
_v[2001] JPL 1195-1204
520 _aQBD 13 December 2000. Effect of statement of non-conformity under the Town and Country Planning Act 1990. Draft local plan. Material consideration. (Taken from headnote)
650 _aR V SOS ENVIRONMENT AND ANOTHER EX P TORRIDGE DC
650 _aTOWN AND COUNTRY PLANNING ACT 1990 S35(C)
650 _aLOCAL PLAN
650 _aMATERIAL CONSIDERATIONS
690 _aPlanning and development
_96259
942 _n0
999 _c68366
_d68366